00824nam a22002531 450000100060000000300080000600500170001400800390003103500190007003500180008904000390010704100080014608200200015410000290017424500520020326000750025530000540033050000470038450400420043165000130047365000300048665000300051665000240054627796BD-RjUL20211209051213.0140327r19621954nyuaf b 001 0 eng a(BD-RjUL)27875 a(OCoLC)287985 aDLCcOAUdOCoLCdDLCdBD-RjULbeng aeng a970.1bRAS 19621 aRadin, Paul,d1883-1959.14aThe story of the American Indian /cPaul Radin. aNew York :bLiveright Publishing Corporation,cc1954 [Reprinted 1962]. axiv, 391 p. :bill., plates (part col.) ;c23 cm. a"Enlarged black & gold edition, May 1944." aBibliography": p. 381-385. and index. 0aIndians. 0aIndians of North America. 0aIndians of South America. 0aMayasxAntiquities.